Empowerment of dalit women through government programme in Bihar (a case study of drought prone area of Nawadah district) (Record no. 13570)
[ view plain ]
| 000 -LEADER | |
|---|---|
| fixed length control field | 00809nam a2200217Ia 4500 |
| 082 ## - DEWEY DECIMAL CLASSIFICATION NUMBER | |
| Classification number | RP.0255 |
| 100 ## - MAIN ENTRY--AUTHOR NAME | |
| Personal name | Pandey, Rajkumar |
| 245 #0 - TITLE STATEMENT | |
| Title | Empowerment of dalit women through government programme in Bihar (a case study of drought prone area of Nawadah district) |
| 260 ## - PUBLICATION, DISTRIBUTION, ETC. (IMPRINT) | |
| Year of publication | 2003 |
| Name of publisher | Indian Council of Social Science Research, New Delhi |
| 300 ## - PHYSICAL DESCRIPTION | |
| Number of Pages | 140p. |
| 500 ## - GENERAL NOTE | |
| General note | Acc No. 44646 (revised ed.) |
| 504 ## - BIBLIOGRAPHY, ETC. NOTE | |
| Bibliography, etc | includes bibliography |
| 650 ## - SUBJECT ADDED ENTRY--TOPICAL TERM | |
| Topical Term | Women |
| Form subdivision | Employment |
| Geographic subdivision | Nawadah District (Bihar) |
| 650 ## - SUBJECT ADDED ENTRY--TOPICAL TERM | |
| Topical Term | Emancipation of women |
| 650 ## - SUBJECT ADDED ENTRY--TOPICAL TERM | |
| Topical Term | Women in development |
| Geographic subdivision | Nawadah District (Bihar) |
| 650 ## - SUBJECT ADDED ENTRY--TOPICAL TERM | |
| Topical Term | Untouchables |
| Geographic subdivision | Nawadah District (Bihar) |
| 650 ## - SUBJECT ADDED ENTRY--TOPICAL TERM | |
| Topical Term | Dalits |
| Geographic subdivision | Bihar |
| 650 ## - SUBJECT ADDED ENTRY--TOPICAL TERM | |
| Topical Term | Women's rights |
| Geographic subdivision | Nawadah District (Bihar) |
| 650 ## - SUBJECT ADDED ENTRY--TOPICAL TERM | |
| Topical Term | Drought Prone Areas Programme (DPAP) |
| 942 ## - ADDED ENTRY ELEMENTS (KOHA) | |
| Koha item type | Research Reports |
| Source of classification or shelving scheme | Dewey Decimal Classification |
| Withdrawn status | Lost status | Damaged status | Not for loan | Collection code | Home library | Current library | Date acquired | Source of acquisition | Bill Date | Full call number | Accession Number | Price effective from | Koha item type |
|---|---|---|---|---|---|---|---|---|---|---|---|---|---|
| Not For Loan | Minor Research project Reports | NASSDOC Library | NASSDOC Library | 27/10/2004 | Gifted by : R.P.Division, ICSSR | 2004-10-22 | RP.0255 | 40116 | 18/04/2019 | Research Reports | |||
| Not For Loan | Minor Research project Reports | NASSDOC Library | NASSDOC Library | 27/10/2004 | Gifted by : R.P.Division, ICSSR | 2004-10-22 | RP.0255 | 40117 | 18/04/2019 | Research Reports | |||
| NASSDOC Library | NASSDOC Library | 13/10/2008 | 2008-09-10 | RP.0255 | 44646 | 18/04/2019 | Research Reports |
